At the limits of cure /

"Drawing on historical and ethnographic research on tuberculosis in India, Bharat Jayram Venkat explores what it means to be cured and what it means for a cure to be partial, temporary, or selectively effective."--

Bibliographic Details
Main Author: Venkat, Bharat Jayram, 1984- (Author)
Corporate Author: JSTOR (Organization)
Format: eBook
Language:English
Published: Durham : Duke University Press, 2021.
Series:Critical global health.
Subjects:
Online Access:Connect to the full text of this electronic book

MARC

Tag First Indicator Second Indicator Subfields
LEADER 00000cam a2200000 i 4500
001 in00004635782
006 m o d
007 cr cn|||||||||
008 210730s2021 ncua ob 001 0 eng c
005 20230103223537.7
010 |a  2021009366 
035 |a (OCoLC)on1262321216 
040 |a NDD  |b eng  |e rda  |c NDD  |d OCLCO  |d DLC  |d OCLCF  |d YDX  |d JSTOR  |d EBLCP  |d OCLCO  |d N$T  |d SFB 
019 |a 1253440451 
020 |a 9781478022022  |q (ebook) 
020 |a 1478022027  |q (ebook) 
020 |a 1478091770  |q (ebook other) 
020 |a 9781478091776  |q (electronic bk.) 
020 |z 9781478013792  |q (hardcover) 
020 |z 1478013796  |q (hardcover) 
020 |z 9781478014720  |q (paperback) 
020 |z 1478014725  |q (paperback) 
035 |a (OCoLC)1262321216  |z (OCoLC)1253440451 
037 |a 22573/ctv27k0h3d  |b JSTOR 
042 |a pcc 
043 |a a-ii--- 
050 4 |a RC317.I4  |b V465 2021 
072 7 |a SOC  |x 002010  |2 bisacsh 
072 7 |a HIS  |x 017000  |2 bisacsh 
082 0 0 |a 362.19699/500954  |2 23 
084 |a SOC002010  |a HIS017000  |2 bisacsh 
049 |a TXAM 
100 1 |a Venkat, Bharat Jayram,  |d 1984-  |e author. 
245 1 0 |a At the limits of cure /  |c Bharat Jayram Venkat. 
264 1 |a Durham :  |b Duke University Press,  |c 2021. 
300 |a 1 online resource (xiv, 287 pages) :  |b illustrations 
336 |a text  |b txt  |2 rdacontent 
337 |a computer  |b c  |2 rdamedia 
338 |a online resource  |b cr  |2 rdacarrier 
490 1 |a Critical global health: evidence, efficacy, ethnography 
588 |a Description based on print version record. 
504 |a Includes bibliographical references and index. 
505 0 |a The Incurability of Fantasy -- To Cure an Earthquake -- Cure Is Elsewhere -- From Ash to Antibiotic -- Wax and Wane -- After the Romance Is Over -- India after Antibiotics. 
520 |a "Drawing on historical and ethnographic research on tuberculosis in India, Bharat Jayram Venkat explores what it means to be cured and what it means for a cure to be partial, temporary, or selectively effective."--  |c Provided by publisher. 
650 0 |a Tuberculosis  |z India  |x History  |y 20th century. 
650 0 |a Tuberculosis  |x Treatment  |z India. 
650 0 |a Tuberculosis  |z India  |x Prevention. 
650 6 |a Tuberculose  |z Inde  |x Histoire  |y 20e siècle. 
650 6 |a Tuberculose  |x Traitement  |z Inde. 
650 6 |a Tuberculose  |z Inde  |x Prévention. 
650 7 |a SOCIAL SCIENCE / Anthropology / Cultural & Social.  |2 bisacsh 
650 7 |a HISTORY / Asia / India & South Asia.  |2 bisacsh 
650 7 |a SOCIAL SCIENCE / Anthropology / Cultural  |2 bisacsh 
650 7 |a Tuberculosis.  |2 fast  |0 (OCoLC)fst01158499 
650 7 |a Tuberculosis  |x Prevention.  |2 fast  |0 (OCoLC)fst01158530 
650 7 |a Tuberculosis  |x Treatment.  |2 fast  |0 (OCoLC)fst01158551 
651 7 |a India.  |2 fast  |0 (OCoLC)fst01210276 
648 7 |a 1900-1999  |2 fast 
655 7 |a Electronic books.  |2 local 
655 7 |a History.  |2 fast  |0 (OCoLC)fst01411628 
710 2 |a JSTOR (Organization) 
776 0 8 |i Print version:  |a Venkat, Bharat Jayram, 1984-  |t At the limits of cure.  |d Durham : Duke University Press, 2021  |z 9781478013792  |z 9781478014720  |w (DLC) 2021009365  |w (OCoLC)1243263207 
830 0 |a Critical global health. 
856 4 0 |u https://www.jstor.org/stable/10.2307/j.ctv27qzr8k  |z Connect to the full text of this electronic book  |t 0 
955 |a JSTOR Open Access ebooks 
994 |a 92  |b TXA 
999 f f |s c1d679de-ba50-4126-9751-d731b9ddef6e  |i d8537168-dcc9-43f1-b760-256fd65497ac  |t 0 
952 f f |a Texas A&M University  |b College Station  |c Electronic Resources  |d Available Online  |t 0  |e RC317.I4 V465 2021  |h Library of Congress classification 
998 f f |a RC317.I4 V465 2021  |t 0  |l Available Online